000
00283nam a2200145Ia 4500
100
_a
Ray duncan
942
_c
BK
654
_a
MSDOS
245
_a
Advanced MS DOS Programming
260
_b
BPB
_c
1994
082
_a
5.133
_b
RAY
300
_a
669
546
_a
ENGLISH
999
_c
30602
_d
30602